The God-experience of Tukaram: a study in religious symbolism

Saved in:  
Bibliographic Details
Main Author: Dabre, Thomas 1945- (Author)
Format: Print Book
Language:English
Subito Delivery Service: Order now.
Check availability: HBZ Gateway
WorldCat: WorldCat
Interlibrary Loan:Interlibrary Loan for the Fachinformationsdienste (Specialized Information Services in Germany)
Published: Pune Jnana-Deepa Vidyapeeth 1987
In:Year: 1987

MARC

LEADER 00000cam a2200000 c 4500
001 1086476905
003 DE-627
005 20241107214054.0
007 tu
008 881003s1987 xx ||||| 00| ||eng c
035 |a (DE-627)1086476905 
035 |a (DE-576)016476905 
035 |a (DE-599)BSZ016476905 
035 |a (OCoLC)18668049 
040 |a DE-627  |b ger  |c DE-627  |e rakwb 
041 |a eng 
082 0 |a 891/.4612 
084 |a 6,24  |a 0  |2 ssgn 
100 1 |8 1\p  |0 (DE-588)1054666016  |0 (DE-627)791767906  |0 (DE-576)410418595  |4 aut  |a Dabre, Thomas  |d 1945- 
109 |a Dabre, Thomas 1945- 
191 |a 1 
245 1 4 |a The God-experience of Tukaram  |b a study in religious symbolism  |c Thomas Dabre 
264 1 |a Pune  |b Jnana-Deepa Vidyapeeth  |c 1987 
300 |a XXI, 299 S. 
336 |a Text  |b txt  |2 rdacontent 
337 |a ohne Hilfsmittel zu benutzen  |b n  |2 rdamedia 
338 |a Band  |b nc  |2 rdacarrier 
500 |a Literaturverz. S. 282 - 289 
583 1 |a Archivierung prüfen  |c 20200919  |f DE-640  |z 2  |2 pdager 
583 1 |a Archivierung/Langzeitarchivierung gewährleistet  |f SSG  |x XA-DE-BW  |2 pdager  |5 DE-21 
583 1 |a Archivierung/Langzeitarchivierung gewährleistet  |f SSG  |x XA-DE-BW  |2 pdager  |5 DE-21 
601 |a Tukaram 
883 |8 1\p  |a cgwrk  |d 20241001  |q DE-101  |u https://d-nb.info/provenance/plan#cgwrk 
935 |a mteo 
951 |a BO 
ELC |b 1 
ITA |a 1  |t 1 
LOK |0 000 xxxxxcx a22 zn 4500 
LOK |0 001 2122024097 
LOK |0 003 DE-627 
LOK |0 004 1086476905 
LOK |0 005 19881003000000 
LOK |0 008 881003||||||||||||||||ger||||||| 
LOK |0 040   |a DE-21  |c DE-627  |d DE-21 
LOK |0 852   |a DE-21 
LOK |0 852 1  |c 28 A 13600  |9 00 
LOK |0 935   |a sued 
LOK |0 939   |a 03-10-88  |b l01 
LOK |0 000 xxxxxcx a22 zn 4500 
LOK |0 001 4426707714 
LOK |0 003 DE-627 
LOK |0 004 1086476905 
LOK |0 005 20231218172738 
LOK |0 008 231205||||||||||||||||ger||||||| 
LOK |0 040   |a DE-Tue135  |c DE-627  |d DE-Tue135 
LOK |0 092   |o n 
LOK |0 852   |a DE-Tue135 
LOK |0 852 1  |9 00 
LOK |0 935   |a hdsa 
LOK |0 939   |a 05-12-23  |b l01 
ORI |a SA-MARC-ixtheoa001.raw 
REL |a 1 
SUB |a REL